The answer ends with a D - Statistics

General Stats
  • This quiz has been taken 60 times
  • The average score is 7 of 15
Answer Stats
Hint Answer % Correct
Largest country of the United Kingdom England
98%
Large island next to Canada which is part of Denmark Greenland
83%
Food stuff made from water, flour, yeast and salt Bread
75%
Most populous city in the US state of Oregon Portland
69%
Smallest US state Rhode Island
69%
Former name of Eswatini Swaziland
65%
Mr - .. TV's famous talking horse Ed
56%
Actress who daughters are Liza and Lorna Judy Garland
40%
When you are in a foreign country you are - Abroad
31%
Actor once married to Barbra Streisand and was a star of the film version of M.A.S.H. Elliot Gould
27%
US pop group who had a 1976 hit with Afternoon Delight Starland Vocal Band
27%
Actress who's sister was Joan Fontaine Olivia de Havilland
21%
Marrows, Pumpkins and Butternut Squashes are what type of food Gourd
17%
One of the members of Pop group Take That Howard Donald
13%
Alcoholic drink brand flavoured with aniseed Pernod
13%
No matching quizzes found
Score Distribution
Percent of People with Each Score
Percentile by Number Answered
Your Score History
You have not taken this quiz